|
|
|
|
| LEADER |
00000nam0a2200000 4500 |
| 001 |
370614 |
| 005 |
20231102012310.0 |
| 035 |
|
|
|a (RuTPU)RU\TPU\retro\28023
|
| 090 |
|
|
|a 370614
|
| 100 |
|
|
|a 20220718d1978 k y0rusy50 ca
|
| 101 |
0 |
|
|a rus
|
| 102 |
|
|
|a RU
|
| 105 |
|
|
|a a z 001zy
|
| 200 |
1 |
|
|a Аномальная фотопроводимость и спектральная память в полупроводниковых системах
|e монография
|f М. И. Корсунский
|
| 210 |
|
|
|a Москва
|c Наука
|d 1978
|
| 215 |
|
|
|a 319 с.
|c ил.
|
| 320 |
|
|
|a Библиогр.: с. 310-319
|
| 320 |
|
|
|a Основные обозначения: с. 306-309
|
| 606 |
1 |
|
|a Полупроводники
|x Фотопроводность
|2 stltpush
|3 (RuTPU)RU\TPU\subj\50617
|9 69269
|
| 610 |
1 |
|
|a аномальная фотопроводимость
|
| 610 |
1 |
|
|a аморфный селен
|
| 610 |
1 |
|
|a пленки
|
| 610 |
1 |
|
|a кинетические свойства
|
| 610 |
1 |
|
|a температурные свойства
|
| 610 |
1 |
|
|a спектральная память
|
| 610 |
1 |
|
|a монографии
|
| 675 |
|
|
|a 537.311.322:535
|v 4
|
| 700 |
|
1 |
|a Корсунский
|b М. И.
|g Моисей Израилевич
|
| 801 |
|
1 |
|a RU
|b 63413507
|c 20220718
|
| 942 |
|
|
|c BK
|